Basic marketing research : using Microsoft Excel data analysis /

Bibliographic Details
Main Author: Burns, Alvin C.
Other Authors: Bush, Ronald F.
Format: Book
Language:English
Published: Upper Saddle River, N.J. : Pearson Prentice Hall, [2005]
Edition:1st ed.
Subjects:

MARC

Tag First Indicator Second Indicator Subfields
LEADER 00000cam a22000004a 4500
001 in00002077721
005 20151102131947.0
008 040428s2005 njua b 001 0 eng
010 |a  2004044753 
020 |a 0131452266 
020 |a 0131519514 
020 |a 0131452312 (CD-ROM) 
035 |a (OCoLC)ocm55068656 
040 |a DLC  |c DLC  |d C#P  |d BAKER  |d UtOrBLW 
042 |a pcc 
049 |a TXAM 
050 0 0 |a HF5415.2  |b .B7787 2005 
082 0 0 |a 658.8/3/0285554  |2 22 
100 1 |a Burns, Alvin C. 
245 1 0 |a Basic marketing research :  |b using Microsoft Excel data analysis /  |c Alvin C. Burns, Ronald F. Bush. 
250 |a 1st ed. 
264 1 |a Upper Saddle River, N.J. :  |b Pearson Prentice Hall,  |c [2005] 
264 4 |c ©2005 
300 |a xxv, 506 pages :  |b illustrations (some color) ;  |c 26 cm. +  |e 1 CD-ROM (4 3/4 in.) 
336 |a text  |b txt  |2 rdacontent 
337 |a unmediated  |b n  |2 rdamedia 
338 |a volume  |b nc  |2 rdacarrier 
504 |a Includes bibliographical references (pages [481]-490) and index. 
650 0 |a Marketing research. 
630 0 0 |a Microsoft Excel (Computer file) 
700 1 |a Bush, Ronald F. 
994 |a C0  |b TXA 
948 |a cataloged  |b h  |c 2005/10/10  |d c  |e bwalker  |f 12:38:27 pm 
999 |a MARS 
999 f f |s 4b864d09-c604-38b4-9a16-cc2b1efec110  |i c16a5f91-28b9-3749-9038-6ff62e131d73  |t 0 
952 f f |p ric  |a Texas A&M University  |b Rellis Campus  |c Joint Library Facility  |d Remote Storage  |t 0  |e HF5415.2 .B7787 2005  |h Library of Congress classification  |i unmediated -- volume  |m A14829956306 
998 f f |a HF5415.2 .B7787 2005  |t 0  |l Remote Storage